Skylines Without The Main Landmark - Statistics

General Stats
  • This quiz has been taken 231 times
  • The average score is 7 of 15
Answer Stats
Picture Answer % Correct
New York
97%
Shanghai
74%
Chicago
62%
Dubai
61%
Paris
54%
Sydney
54%
Singapore
53%
London
50%
Seattle
47%
Toronto
40%
Tokyo
32%
Kuala Lumpur
26%
San Francisco
22%
Taipei
20%
Frankfurt
9%
No matching quizzes found
Score Distribution
Percent of People with Each Score
Percentile by Number Answered
Your Score History
You have not taken this quiz